Diseno, construccion y puesta en marcha de una columna de burbujeo

שמור ב:
מידע ביבליוגרפי
מחבר ראשי: Cordero Fernandez, Marvin
פורמט: Tesis ספר
שפה:Undetermined
יצא לאור: 1985
נושאים:
תגים: הוספת תג
אין תגיות, היה/י הראשונ/ה לתייג את הרשומה!

MARC

LEADER 00000nam a2200000Ia 4500
001 2989
008 140114s9999 xx 000 0 und d
100 |a Cordero Fernandez, Marvin 
245 |a Diseno, construccion y puesta en marcha de una columna de burbujeo 
260 |c 1985 
500 |a NULL 
502 |a Escuela de ingenieria Quimica 
650 |z COLUMNA DE BURBUJEO 
999 |c 11698  |d 11698